[Event "24.Schlosspark-Open"]
[Site "Wiesbaden-Biebrich"]
[Date "2012.08.26"]
[Round "7.53"]
[White "Hohner, Karl-Heinz"]
[Black "Spinnler, Wolfgang"]
[Result "1-0"]
[WhiteElo "1945"]
[BlackElo "1718"]
[PlyCount "143"]
[EventDate "2012.??.??"]
[WhiteTeam "vereinslos"]
[BlackTeam "SC Landskrone"]

1. e4 d5 2. exd5 Qxd5 3. Nc3 Qd6 4. d4 Nf6 5. Nf3 a6 6. Be2 e6 7. O-O Be7 8.
Ne5 Nc6 9. Nxc6 Qxc6 10. Bf3 Qd7 11. Re1 O-O 12. Bf4 Bd6 13. Be5 Qd8 14. a3 c6
15. Qe2 Bxe5 16. dxe5 Nd5 17. Ne4 b5 18. Rad1 Qe7 19. g3 Bb7 20. c4 bxc4 21.
Qxc4 a5 22. Qc5 Qxc5 23. Nxc5 Ba6 24. Rc1 Rfc8 25. Red1 g6 26. Nxa6 Rxa6 27.
Bxd5 exd5 28. Rxd5 Rb8 29. Rd2 Rb5 30. f4 Rab6 31. Rcc2 a4 32. Rd4 Rxb2 33.
Rxb2 Rxb2 34. Rxa4 Rc2 35. Ra8+ Kg7 36. Rc8 c5 37. a4 Ra2 38. Rxc5 Rxa4 39. Rc7
Kg8 40. Rc2 Ra7 41. Kg2 Kg7 42. Kf3 h5 43. Ke4 Ra4+ 44. Kd5 Ra7 45. Rc3 Rd7+
46. Ke4 Ra7 47. h3 Rb7 48. g4 hxg4 49. hxg4 Rb4+ 50. Kf3 Rb1 51. f5 Rf1+ 52.
Ke4 gxf5+ 53. gxf5 Re1+ 54. Re3 Ra1 55. f6+ Kf8 56. Rb3 Ra8 57. Kf5 Kg8 58. Rb7
Re8 59. Re7 Ra8 60. Kg5 Kf8 61. Kh6 Ra2 62. Rb7 Rh2+ 63. Kg5 Rg2+ 64. Kf4 Ke8
65. Rb8+ Kd7 66. Rf8 Ke6 67. Re8+ Kd7 68. Re7+ Kd8 69. Rxf7 Rf2+ 70. Ke3 Rf1
71. Ra7 Ke8 72. Ke4 1-0

[Event "24.Schlosspark-Open"]
[Site "Wiesbaden-Biebrich"]
[Date "2012.08.26"]
[Round "7.54"]
[White "Gebben, Alwin"]
[Black "Kreyssig, Bruno"]
[Result "1/2-1/2"]
[WhiteElo "1902"]
[BlackElo "1717"]
[PlyCount "108"]
[EventDate "2012.??.??"]
[WhiteTeam "SK Nordhorn-Blanke"]
[BlackTeam "SG Leipzig"]

1. e4 c5 2. c3 Nf6 3. e5 Nd5 4. Nf3 Nc6 5. Bc4 Nb6 6. Bb3 d6 7. exd6 exd6 8.
O-O Be7 9. d4 Bg4 10. h3 Bh5 11. dxc5 dxc5 12. Qe2 O-O 13. Rd1 Qc7 14. Be3 Rad8
15. Nbd2 Nd5 16. Ne4 Nf4 17. Bxf4 Qxf4 18. g4 Bg6 19. Ng3 Rfe8 20. Kg2 h6 21.
Rxd8 Rxd8 22. Re1 Bd3 23. Qe3 Qxe3 24. Rxe3 c4 25. Ba4 Bc5 26. Re1 Ne7 27. Ne4
Bb6 28. Nf6+ gxf6 29. Rxe7 Rb8 30. Ne1 Kf8 31. Rd7 Rd8 32. Rxd8+ Bxd8 33. Nxd3
cxd3 34. f4 f5 35. Kf3 fxg4+ 36. hxg4 Bc7 37. f5 f6 38. Ke3 Ke7 39. Kxd3 Kd6
40. Ke4 Bb6 41. Bd1 a5 42. a3 Bg1 43. b4 axb4 44. cxb4 b6 45. Ba4 Bf2 46. Be8
Bg1 47. Bf7 Bf2 48. Kd3 Bg1 49. Kc4 Kc7 50. Kd5 Be3 51. a4 Kb7 52. Kd6 Bd2 53.
Ke7 Bg5 54. Bd5+ Ka7 1/2-1/2

[Event "24.Schlosspark-Open"]
[Site "Wiesbaden-Biebrich"]
[Date "2012.08.26"]
[Round "7.55"]
[White "Windhaus, Dirk"]
[Black "Thomele, Michael"]
[Result "1/2-1/2"]
[WhiteElo "1794"]
[BlackElo "1895"]
[PlyCount "53"]
[EventDate "2012.??.??"]
[WhiteTeam "SVG Eppstein 1932"]
[BlackTeam "SC 1959 Obernau"]

1. c4 e5 2. Nc3 Nc6 3. Nf3 Nf6 4. e3 d5 5. cxd5 Nxd5 6. Bb5 Nxc3 7. bxc3 Bd6 8.
d4 exd4 9. cxd4 O-O 10. O-O Bg4 11. h3 Bh5 12. g4 Bg6 13. Re1 a6 14. Bxc6 bxc6
15. e4 Re8 16. e5 Be7 17. Be3 Qd5 18. Nd2 f6 19. Qb3 fxe5 20. dxe5 Rab8 21.
Qxd5+ cxd5 22. f4 Bd3 23. Nb3 Bc4 24. Nd2 Bd3 25. Nb3 Bc4 26. Nd2 Bd3 27. Nb3
1/2-1/2

[Event "24.Schlosspark-Open"]
[Site "Wiesbaden-Biebrich"]
[Date "2012.08.26"]
[Round "7.57"]
[White "Bolduan, Michael"]
[Black "Lindemann, Antje"]
[Result "1-0"]
[WhiteElo "1889"]
[BlackElo "1689"]
[PlyCount "113"]
[EventDate "2012.??.??"]
[WhiteTeam "SC Taunusstein 1966"]
[BlackTeam "SC Stetten a.d.F."]

1. Nf3 Nf6 2. b3 e6 3. Bb2 c5 4. e3 Nc6 5. Be2 Be7 6. O-O d6 7. c4 b6 8. d4
cxd4 9. exd4 d5 10. Nc3 Bb7 11. Rc1 O-O 12. Re1 Re8 13. Bd3 dxc4 14. bxc4 g6
15. Bb1 Rc8 16. Ne4 Nb4 17. a3 Na6 18. Ne5 Nxe4 19. Bxe4 Bxe4 20. Rxe4 f5 21.
Re1 Bf6 22. Qa4 Bxe5 23. Rxe5 Nb8 24. Rce1 Qd7 25. Qxd7 Nxd7 26. Rxe6 Rxe6 27.
Rxe6 Kf7 28. Re2 Rxc4 29. f3 a6 30. d5 b5 31. d6 Kf8 32. Re7 Nc5 33. Bg7+ Kg8
34. Bh6 Rd4 35. Rg7+ Kf8 36. Rc7+ Ke8 37. Rxc5 Rxd6 38. Kf2 Kd7 39. Ke3 Rd1 40.
Bf8 Rh1 41. h3 Re1+ 42. Kf4 Rd1 43. g4 fxg4 44. hxg4 Rb1 45. Re5 Rh1 46. Bb4
Kc6 47. Re6+ Kb7 48. Kg5 Rh3 49. f4 a5 50. Bc5 b4 51. Rb6+ Kc7 52. axb4 axb4
53. Rxb4 h5 54. Bb6+ Kc6 55. gxh5 gxh5 56. Bf2 Rh1 57. Bh4 1-0

[Event "24.Schlosspark-Open"]
[Site "Wiesbaden-Biebrich"]
[Date "2012.08.26"]
[Round "7.58"]
[White "Ivkin, Michael"]
[Black "Schneider, Lutz"]
[Result "1-0"]
[WhiteElo "1827"]
[BlackElo "1711"]
[PlyCount "45"]
[EventDate "2012.??.??"]
[WhiteTeam "Wiesbadener SV 1885"]
[BlackTeam "Vorw.Orient Mainz"]

1. d4 Nf6 2. Nf3 e6 3. e3 d5 4. Bd3 Nbd7 5. Nbd2 c5 6. b3 Bd6 7. Bb2 O-O 8. Ne5
Qc7 9. f4 cxd4 10. exd4 Ne8 11. Qh5 Ndf6 12. Qh4 g6 13. O-O Be7 14. Qh6 Ng7 15.
g4 Re8 16. a4 Qb6 17. Bb5 Rd8 18. Ndf3 Bf8 19. Qh4 Qc7 20. Rf2 a6 21. Bd3 Be7
22. Ng5 Rf8 23. Qh6 1-0

[Event "24.Schlosspark-Open"]
[Site "Wiesbaden-Biebrich"]
[Date "2012.08.26"]
[Round "7.59"]
[White "Stecken, Olaf"]
[Black "Mang, Markus"]
[Result "1-0"]
[WhiteElo "1741"]
[BlackElo "1827"]
[PlyCount "34"]
[EventDate "2012.??.??"]
[WhiteTeam "SC Landskrone"]
[BlackTeam "SG Kaiserslautern 1905"]

1. c4 Nf6 2. g3 c6 3. Bg2 e6 4. Nf3 d5 5. O-O Nbd7 6. b3 Be7 7. Bb2 b6 8. Nc3
O-O 9. Qc2 Re8 10. e4 dxe4 11. Nxe4 Nxe4 12. Qxe4 Bb7 13. Rfe1 Nc5 14. Qg4 f6
15. Bc3 e5 16. Nh4 Bc8 17. Nf5 Kh8 1-0

[Event "24.Schlosspark-Open"]
[Site "Wiesbaden-Biebrich"]
[Date "2012.08.26"]
[Round "7.60"]
[White "Steimbach, Isabel"]
[Black "Rößler, Lukas Namgyu"]
[Result "1/2-1/2"]
[WhiteElo "1718"]
[BlackElo "1508"]
[PlyCount "78"]
[EventDate "2012.??.??"]
[WhiteTeam "OSG Baden-Baden"]
[BlackTeam "SK Mannheim-Lindenhof 1865"]

1. e4 c5 2. c3 Nf6 3. e5 Nd5 4. Bc4 Nb6 5. Bb3 Nc6 6. Nf3 e6 7. O-O d5 8. exd6
Bxd6 9. d4 cxd4 10. cxd4 Ne7 11. Nc3 O-O 12. Bc2 Ned5 13. Qd3 Nf6 14. Bg5 g6
15. Rfe1 Be7 16. Rac1 Nfd5 17. Bxe7 Qxe7 18. Nxd5 Nxd5 19. Bb3 Rd8 20. Rc5 Qf8
21. Rec1 b6 22. Bxd5 exd5 23. Rc7 Bf5 24. Qb5 Rdc8 25. h3 Qd8 26. R7c3 Rxc3 27.
Rxc3 Rc8 28. Re3 Kf8 29. Qb4+ Kg7 30. Qe7 Qc7 31. Qa3 Qb7 32. Ng5 h6 33. Nf3
Qb8 34. Rc3 Rxc3 35. Qxc3 Qb7 36. Ne5 Be6 37. Nf3 Bf5 38. Ne5 Be6 39. Nf3 Bf5
1/2-1/2

[Event "24.Schlosspark-Open"]
[Site "Wiesbaden-Biebrich"]
[Date "2012.08.26"]
[Round "7.61"]
[White "Rüll, Michael"]
[Black "Heun, Andreas"]
[Result "1-0"]
[WhiteElo "1815"]
[BlackElo "1458"]
[PlyCount "53"]
[EventDate "2012.??.??"]
[WhiteTeam "SC 1952 Obertshausen"]
[BlackTeam "SC Ladja Roßdorf"]

1. e4 g6 2. d3 Bg7 3. Nf3 d6 4. g3 c6 5. Bg2 Nf6 6. O-O O-O 7. a4 a5 8. Na3 Na6
9. Bd2 Bg4 10. Qc1 Nc5 11. Nc4 b6 12. e5 Nd5 13. Nd4 Nb4 14. Bxb4 axb4 15. Nxc6
Qc7 16. Qg5 Be6 17. Nxe7+ Kh8 18. exd6 Qd7 19. Nxb6 Qxd6 20. Bxa8 Qxb6 21. Bg2
Bxb2 22. Nd5 Qb8 23. Nf6 Bxf6 24. Qxf6+ Kg8 25. Rfe1 Nd7 26. Qd4 Rc8 27. Rxe6
1-0

[Event "24.Schlosspark-Open"]
[Site "Wiesbaden-Biebrich"]
[Date "2012.08.26"]
[Round "7.62"]
[White "Giesau, Bernhard"]
[Black "Berkes, Jörg"]
[Result "0-1"]
[WhiteElo "1632"]
[BlackElo "1790"]
[PlyCount "96"]
[EventDate "2012.??.??"]
[WhiteTeam "SK Gau-Algesheim"]
[BlackTeam "SK Langen"]

1. Nf3 Nf6 2. c4 d6 3. g3 e5 4. Bg2 g6 5. O-O Bg7 6. Nc3 O-O 7. b3 c6 8. e4 Nh5
9. d3 f5 10. Qc2 f4 11. Nd1 g5 12. Re1 Bf6 13. d4 g4 14. Nd2 exd4 15. Bb2 Qb6
16. Qd3 c5 17. Rb1 Nc6 18. a3 a5 19. Qc2 Be5 20. gxf4 Nxf4 21. Nf1 Qd8 22. Bc1
Nxg2 23. Kxg2 Qh4 24. Qd3 Rf3 25. Qd2 Ne7 26. Qg5+ Qxg5 27. Bxg5 Ng6 28. Ng3
Kg7 29. Nh5+ Kf7 30. Kh1 Rh3 31. Ng3 h5 32. Rf1 h4 33. f4 gxf3 34. Rxf3+ Kg8
35. Nf2 Rxh2+ 36. Kxh2 hxg3+ 37. Kg2 gxf2 38. Rxf2 Bd7 39. Bh6 Bc6 40. Kf3 Re8
41. Rg2 Kf7 42. Rf1 Bf6 43. Rg4 Ne5+ 44. Kf4 Nxg4 45. Kxg4 Rxe4+ 46. Kg3 Ke6
47. Rd1 Be5+ 48. Kf2 Rh4 0-1

[Event "24.Schlosspark-Open"]
[Site "Wiesbaden-Biebrich"]
[Date "2012.08.26"]
[Round "7.63"]
[White "Brandt, Michael"]
[Black "Traut, Stefan"]
[Result "1/2-1/2"]
[WhiteElo "1726"]
[BlackElo "1765"]
[PlyCount "70"]
[EventDate "2012.??.??"]
[WhiteTeam "Wiesbadener SV 1885"]
[BlackTeam "Sfr. Heusenstamm"]

1. f4 d5 2. e3 Nf6 3. Nf3 g6 4. d4 Bg7 5. Bd3 O-O 6. O-O b6 7. Qe2 Bb7 8. b3
Nbd7 9. Bb2 c5 10. Na3 Rc8 11. Rac1 cxd4 12. exd4 Re8 13. Ne5 Nb8 14. c4 dxc4
15. Naxc4 Nc6 16. Nxc6 Rxc6 17. Ne5 Rxc1 18. Rxc1 Nd5 19. Qf2 Qd6 20. g3 Rc8
21. Rxc8+ Bxc8 22. Bc4 Bb7 23. a3 e6 24. Bd3 Ne7 25. Bf1 Qd5 26. Bg2 Qxg2+ 27.
Qxg2 Bxg2 28. Kxg2 Nd5 29. Kf3 Bf8 30. Nc6 a6 31. Ke4 Bd6 32. Ne5 Kf8 33. h3
Nf6+ 34. Kf3 Nd5 35. Ke4 Nf6+ 1/2-1/2

[Event "24.Schlosspark-Open"]
[Site "Wiesbaden-Biebrich"]
[Date "2012.08.26"]
[Round "7.64"]
[White "Günther, Rainer"]
[Black "Roth, Michael"]
[Result "0-1"]
[WhiteElo "1764"]
[BlackElo "1619"]
[PlyCount "75"]
[EventDate "2012.??.??"]
[WhiteTeam "SV Mainz-Mombach"]
[BlackTeam "SC Lerchenberg/ZMO"]

1. e4 e5 2. Bc4 Bc5 3. Nf3 Nc6 4. d3 h6 5. c3 Nf6 6. b4 Bb6 7. Nbd2 Ng4 8. O-O
d6 9. h3 h5 10. b5 Na5 11. d4 Qe7 12. Be2 Bd7 13. Nb3 O-O-O 14. Nh2 Nf6 15. Bg5
Qe8 16. Bxf6 gxf6 17. Qd3 c6 18. Nxa5 Bxa5 19. a4 Qg8 20. Kh1 Qg6 21. Bf3 d5
22. Qe3 f5 23. bxc6 Bxc6 24. exf5 Qxf5 25. Qxe5 Qxe5 26. dxe5 Bxc3 27. Rac1
Bxe5 28. Rfd1 Kb8 29. a5 Bf4 30. Rb1 Bc7 31. a6 b6 32. Nf1 Rh6 33. Ne3 d4 34.
Bxc6 Rxc6 35. Nf5 d3 36. Rbc1 Re6 37. g3 d2 38. Rc2 0-1

[Event "24.Schlosspark-Open"]
[Site "Wiesbaden-Biebrich"]
[Date "2012.08.26"]
[Round "7.65"]
[White "Strate, Wolfgang"]
[Black "Happel, Jonas"]
[Result "0-1"]
[WhiteElo "1701"]
[BlackElo "1758"]
[PlyCount "90"]
[EventDate "2012.??.??"]
[WhiteTeam "SC Eschbach im Usinger Land"]
[BlackTeam "SV 1920 Hofheim"]

1. d4 d5 2. e4 dxe4 3. Nc3 Nf6 4. f3 exf3 5. Nxf3 e6 6. Bc4 Bb4 7. O-O O-O 8.
Bg5 Bxc3 9. bxc3 h6 10. Bxf6 Qxf6 11. Ne5 Qe7 12. Qf3 Nd7 13. Ng4 Nb6 14. Bd3
Rb8 15. Ne5 Nd7 16. Qe4 f5 17. Qe2 Nxe5 18. Qxe5 Qd6 19. Rfe1 Qxe5 20. Rxe5 Bd7
21. Bc4 Rbe8 22. Rae1 a6 23. Bxe6+ Bxe6 24. Rxe6 Rxe6 25. Rxe6 Kf7 26. Re5 g6
27. Kf2 c6 28. c4 Re8 29. Rxe8 Kxe8 30. d5 Kd7 31. Ke3 Kd6 32. Kd4 c5+ 33. Kd3
g5 34. a4 Ke5 35. a5 h5 36. Ke2 h4 37. Kf2 Kd6 38. Kf3 Ke5 39. Ke2 Kd6 40. Kd3
Kc7 41. Kc3 b6 42. axb6+ Kxb6 43. g3 hxg3 44. hxg3 Kc7 45. Kb3 Kd6 0-1

[Event "24.Schlosspark-Open"]
[Site "Wiesbaden-Biebrich"]
[Date "2012.08.26"]
[Round "7.66"]
[White "Doerjer, Gerhard"]
[Black "Sanati, Charlotte"]
[Result "0-1"]
[WhiteElo "1752"]
[BlackElo "1616"]
[PlyCount "164"]
[EventDate "2012.??.??"]
[WhiteTeam "vereinslos"]
[BlackTeam "SG Trier"]

1. d4 d5 2. Nf3 Nf6 3. c4 c6 4. e3 e6 5. Nc3 Nbd7 6. a3 a5 7. b3 Bd6 8. Bb2 O-O
9. Bd3 Re8 10. O-O e5 11. dxe5 Nxe5 12. cxd5 cxd5 13. Bb5 Re7 14. h3 b6 15. Nd4
Bb7 16. Nf5 Re6 17. Ne2 Bc6 18. Ned4 Bxb5 19. Nxb5 Bc7 20. Rc1 Rc8 21. Nfd4 Re8
22. f4 Ng6 23. Nc6 Qd7 24. Bxf6 gxf6 25. Qf3 Bb8 26. Nbd4 Re4 27. Nxb8 Rxb8 28.
f5 Ne5 29. Qg3+ Kh8 30. Rc3 Rg8 31. Qe1 Qd6 32. Qc1 Nd7 33. Ne2 Nc5 34. Nf4 Qe5
35. Qd2 d4 36. exd4 Rxd4 37. Qc1 Qe4 38. Re3 Qb7 39. Qb2 Rd6 40. Nh5 Rgd8 41.
Qa1 Qc6 42. Rfe1 Rg8 43. R1e2 Qd7 44. Qf1 Rd1 45. Re1 Rxe1 46. Rxe1 Qd4+ 47.
Kh1 Nd3 48. Re2 Qh4 49. Rd2 Nc5 50. Nf4 Ne4 51. Rd4 Nf2+ 52. Kh2 Qg3+ 53. Kg1
Nxh3+ 54. Nxh3 Qxh3 55. Rd3 Qg4 56. Qf3 Qg5 57. Rd1 h6 58. Kf2 Qh4+ 59. g3 Qg5
60. Rd4 Rc8 61. Qd3 Kh7 62. Rd6 Rc1 63. Rd4 Rc5 64. Rf4 Qh5 65. Kg2 Re5 66. Rf3
Re1 67. Rf1 Re2+ 68. Rf2 Rxf2+ 69. Kxf2 Qh2+ 70. Kf3 Qh1+ 71. Kf4 Qc1+ 72. Qe3
Qxa3 73. Qxb6 Qc1+ 74. Kf3 Qd1+ 75. Kg2 Qc2+ 76. Qf2 Qxb3 77. Qa7 Qd5+ 78. Kh2
Qa2+ 79. Kh3 a4 80. Qa6 Kg7 81. Qd3 Qb3 82. Qe2 Qb4 0-1

[Event "24.Schlosspark-Open"]
[Site "Wiesbaden-Biebrich"]
[Date "2012.08.26"]
[Round "7.67"]
[White "Künitz, Klaus"]
[Black "Bratmann, Marc"]
[Result "0-1"]
[WhiteElo "1660"]
[BlackElo "1746"]
[PlyCount "66"]
[EventDate "2012.??.??"]
[WhiteTeam "TSV Schott Mainz"]
[BlackTeam "SAbt TuS Dotzheim"]

1. d4 d5 2. c4 e6 3. Nf3 Nf6 4. Bf4 c6 5. e3 Nbd7 6. cxd5 exd5 7. Bd3 Be7 8.
O-O O-O 9. h3 Re8 10. Nc3 Nf8 11. Rb1 Ng6 12. Bg3 Bd6 13. Bxd6 Qxd6 14. b4 Ne4
15. Qc2 Bf5 16. Na4 Qf6 17. Nc5 Nh4 18. Nxh4 Qxh4 19. Bxe4 Bxe4 20. Nxe4 Qxe4
21. Qxe4 Rxe4 22. a4 Re7 23. Rfe1 h5 24. f3 Rae8 25. Kf2 g5 26. b5 f5 27. g4
fxg4 28. hxg4 hxg4 29. fxg4 Kg7 30. Rb2 Rh8 31. Rbe2 Rh4 32. bxc6 bxc6 33. Rc2
Rh2+ 0-1

[Event "24.Schlosspark-Open"]
[Site "Wiesbaden-Biebrich"]
[Date "2012.08.26"]
[Round "7.68"]
[White "Busch, Silvan"]
[Black "Diener, Carolin Valeria"]
[Result "1-0"]
[WhiteElo "1657"]
[BlackElo "1739"]
[PlyCount "59"]
[EventDate "2012.??.??"]
[WhiteTeam "SV 1920 Hofheim"]
[BlackTeam "Sfr.1891 Friedberg"]

1. e4 e5 2. Nf3 Nc6 3. d4 exd4 4. Nxd4 Bc5 5. Nxc6 dxc6 6. Qxd8+ Kxd8 7. Nc3
Be6 8. Bf4 Rc8 9. O-O-O+ Ke7 10. f3 h6 11. Be5 Kf8 12. Be2 Bb6 13. b3 Be3+ 14.
Kb1 Bg5 15. f4 Be7 16. f5 f6 17. Bxc7 Bxf5 18. exf5 Rxc7 19. Bc4 h5 20. Rd3 Nh6
21. Be6 Nf7 22. Ne2 Ne5 23. Rd2 b6 24. Rhd1 Rb7 25. Rd8+ Bxd8 26. Rxd8+ Ke7 27.
Rxh8 Kd6 28. h3 Rc7 29. Nc3 c5 30. Nb5+ 1-0

[Event "24.Schlosspark-Open"]
[Site "Wiesbaden-Biebrich"]
[Date "2012.08.26"]
[Round "7.69"]
[White "Uhl, Patrick"]
[Black "Urbach, Jens"]
[Result "1-0"]
[WhiteElo "1739"]
[BlackElo "1558"]
[PlyCount "131"]
[EventDate "2012.??.??"]
[WhiteTeam "Sfr.Bitburg 1958"]
[BlackTeam "Sfr. Frankfurt 1921"]

1. d4 Nf6 2. c4 e5 3. dxe5 Ng4 4. Nf3 Bc5 5. e3 Nc6 6. h3 Ngxe5 7. Nxe5 Nxe5 8.
a3 a5 9. Nc3 O-O 10. Be2 d6 11. Ne4 Bb6 12. b3 Be6 13. Bb2 Qh4 14. Bf3 Nxf3+
15. Qxf3 Qh6 16. O-O f5 17. Nd2 Rab8 18. Rad1 Bd7 19. Rfe1 Qg6 20. Qf4 Bc6 21.
Nf3 Bxf3 22. Qxf3 c6 23. Rd2 Rbe8 24. Red1 Bc7 25. Re2 Re6 26. Rde1 Qh6 27. Bc1
Re4 28. Qg3 Rf6 29. f4 Rg6 30. Qf3 Bd8 31. g4 Bh4 32. Rf1 d5 33. g5 Bxg5 34.
fxg5 Rxg5+ 35. Rg2 Rh5 36. Rh2 Rg5+ 37. Kh1 Qg6 38. Rg2 Rxg2 39. Qxg2 Qh5 40.
Rg1 g6 41. Qg3 f4 42. exf4 Qf5 43. Qh4 Re8 44. Bb2 Qe4+ 45. Kh2 Rf8 46. Be5 d4
47. Qh6 Rf7 48. h4 d3 49. h5 Qe2+ 50. Rg2 d2 51. Rxe2 d1=Q 52. Rg2 Qd3 53.
Rxg6+ Qxg6 54. hxg6 Rd7 55. f5 b5 56. f6 c5 57. f7+ Rxf7 58. gxf7+ Kxf7 59.
Qxh7+ Ke6 60. Qe4 bxc4 61. bxc4 a4 62. Kg3 Kd7 63. Kf4 Kc8 64. Kf5 Kd7 65. Kf6
Kd8 66. Qb7 1-0

[Event "24.Schlosspark-Open"]
[Site "Wiesbaden-Biebrich"]
[Date "2012.08.26"]
[Round "7.70"]
[White "Happel, Jürgen"]
[Black "Pade, Joachim"]
[Result "0-1"]
[WhiteElo "1554"]
[BlackElo "1737"]
[PlyCount "78"]
[EventDate "2012.??.??"]
[WhiteTeam "SV 1920 Hofheim"]
[BlackTeam "Sfr. Anderssen Wetzlar"]

1. d4 e6 2. c4 f5 3. Nf3 Nf6 4. Nc3 Be7 5. h3 O-O 6. Bf4 d6 7. e3 Ne4 8. Nxe4
fxe4 9. Nd2 d5 10. a3 a5 11. c5 Rxf4 12. exf4 e3 13. Nf3 exf2+ 14. Kxf2 Nd7 15.
Ke3 Nxc5 16. dxc5 Bxc5+ 17. Kd3 Qf6 18. Rc1 b6 19. Rxc5 bxc5 20. Ke3 Qxb2 21.
Ne5 Rb8 22. Qh5 Qd4+ 23. Kf3 Qe4+ 24. Kg4 g6 25. Qh4 h5+ 26. Kg3 Qe1+ 27. Kh2
Qxh4 28. Nxg6 Qf6 29. f5 Rb1 30. Be2 Rxh1+ 31. Kxh1 h4 32. Bh5 exf5 33. Nf4 c4
34. Nxd5 Qa1+ 35. Kh2 Qe5+ 36. Kh1 Qxd5 37. Bf3 Qd2 38. Bd5+ Qxd5 39. a4 Bb7
0-1

[Event "24.Schlosspark-Open"]
[Site "Wiesbaden-Biebrich"]
[Date "2012.08.26"]
[Round "7.71"]
[White "Puzzo, Peter"]
[Black "Troeger, Beate"]
[Result "1-0"]
[WhiteElo "1732"]
[BlackElo "1309"]
[PlyCount "75"]
[EventDate "2012.??.??"]
[WhiteTeam "Sfr. Frankfurt 1921"]
[BlackTeam "Vorw.Orient Mainz"]

1. d4 d6 2. c4 g6 3. Nc3 Bg7 4. e4 Nf6 5. f3 O-O 6. Be3 b6 7. Nge2 Bb7 8. Qd2
Nfd7 9. g4 c5 10. Ng3 cxd4 11. Bxd4 e5 12. Be3 Nc5 13. h4 Qe7 14. O-O-O Rd8 15.
h5 Nc6 16. Nd5 Qd7 17. hxg6 fxg6 18. Qh2 Bh8 19. Ne2 Rf8 20. Bg2 Rf7 21. g5 Na5
22. Bxc5 bxc5 23. Bh3 Qa4 24. Be6 Qxc4+ 25. Kb1 h5 26. Ne7+ Kg7 27. Bxc4 Nxc4
28. Nxg6 Kxg6 29. Qxh5+ Kg7 30. Qh7+ Kf8 31. Qxh8+ Ke7 32. Qh6 Rd8 33. g6 Rxf3
34. Qg5+ Kd7 35. Qg4+ Kc7 36. Rh7+ Kb6 37. Qxf3 Rg8 38. Qb3+ 1-0

[Event "24.Schlosspark-Open"]
[Site "Wiesbaden-Biebrich"]
[Date "2012.08.26"]
[Round "7.72"]
[White "Triantafillidis, Dimitrios"]
[Black "Van Bömmel, Philipp"]
[Result "0-1"]
[WhiteElo "1447"]
[BlackElo "1728"]
[PlyCount "42"]
[EventDate "2012.??.??"]
[WhiteTeam "SF HN-Biberach 1978 e.V."]
[BlackTeam "SC 1979 Hattersheim"]

1. e4 d6 2. d4 Nf6 3. Nc3 c6 4. Bc4 Qc7 5. Be3 e5 6. Qe2 Be7 7. h3 O-O 8. Nf3
Nbd7 9. O-O Re8 10. dxe5 Nxe5 11. Nxe5 dxe5 12. f4 exf4 13. Bxf4 Bd6 14. Bg5
Be5 15. Rab1 Be6 16. Bxe6 Rxe6 17. Kh1 Rae8 18. Qc4 b5 19. Qc5 Bxc3 20. Qxc3
Nxe4 21. Qe3 Ng3+ 0-1

[Event "24.Schlosspark-Open"]
[Site "Wiesbaden-Biebrich"]
[Date "2012.08.26"]
[Round "7.73"]
[White "Maleski, Heinz"]
[Black "Lorenz, Hermann"]
[Result "1-0"]
[WhiteElo "1527"]
[BlackElo "1691"]
[PlyCount "95"]
[EventDate "2012.??.??"]
[WhiteTeam "SC Budenheim"]
[BlackTeam "Sfr.Mainz 1928"]

1. d4 Nf6 2. Bf4 g6 3. h3 Bg7 4. e3 O-O 5. Be2 d5 6. Nf3 c5 7. c3 cxd4 8. cxd4
Nc6 9. O-O Re8 10. a3 Qb6 11. b4 a6 12. Nbd2 Nd7 13. Rc1 e5 14. dxe5 Ndxe5 15.
Nxe5 Nxe5 16. Nf3 Qd8 17. Bxe5 Bxe5 18. Nxe5 Rxe5 19. Bf3 b6 20. Qd4 f6 21. Rc3
Bb7 22. Rfc1 Rb8 23. Rc7 Ba8 24. Qh4 h5 25. Qd4 Re7 26. Qxf6 Rxc7 27. Qxd8+
Rxd8 28. Rxc7 Kf8 29. Ra7 a5 30. bxa5 bxa5 31. Rxa5 Kg7 32. Ra7+ Kf6 33. a4 h4
34. a5 Ke5 35. a6 g5 36. Re7+ Kf6 37. Rc7 Ke5 38. Rc5 Kd6 39. Ra5 Kc7 40. Ra4
Kb6 41. Rg4 Rg8 42. Be2 Bc6 43. f4 Re8 44. fxg5 Rxe3 45. Kf2 Re5 46. g6 Rf5+
47. Kg1 Bd7 48. g7 1-0

[Event "24.Schlosspark-Open"]
[Site "Wiesbaden-Biebrich"]
[Date "2012.08.26"]
[Round "7.74"]
[White "Rosmanitz, Anna"]
[Black "Leßmann, Sven"]
[Result "1/2-1/2"]
[WhiteElo "1415"]
[BlackElo "1659"]
[PlyCount "83"]
[EventDate "2012.??.??"]
[WhiteTeam "SC 1979 Hattersheim"]
[BlackTeam "SC Bad Soden"]

1. e4 d6 2. d4 Nf6 3. Nd2 g6 4. Ngf3 Nc6 5. Bb5 Bd7 6. c3 a6 7. Bc4 b5 8. Bb3
Bg7 9. O-O e5 10. Re1 O-O 11. Nf1 Re8 12. Bg5 Qc8 13. Qd2 exd4 14. cxd4 Nxe4
15. Qf4 Bf5 16. Bd5 Nxg5 17. Nxg5 Rxe1 18. Rxe1 Nd8 19. Re8+ Bf8 20. Nxf7 Ne6
21. Rxc8 Nxf4 22. Nh6+ Kg7 23. Nxf5+ gxf5 24. Rxc7+ Kh6 25. Bxa8 Ne6 26. Ra7
Nxd4 27. Rxa6 Kg6 28. Bc6 b4 29. Rb6 Kf6 30. Ne3 Ke5 31. Bd5 f4 32. Rxb4 fxe3
33. Bb7 e2 34. f4+ Kf5 35. Kf2 e1=Q+ 36. Kxe1 Nc2+ 37. Kd2 Nxb4 38. a4 Kxf4 39.
Kc3 d5 40. Kd4 Bg7+ 41. Kc5 Bf8+ 42. Kd4 1/2-1/2

[Event "24.Schlosspark-Open"]
[Site "Wiesbaden-Biebrich"]
[Date "2012.08.26"]
[Round "7.75"]
[White "Stiefel, Marika"]
[Black "Vaintroub, Maximilian"]
[Result "1/2-1/2"]
[WhiteElo "1645"]
[BlackElo "1438"]
[PlyCount "24"]
[EventDate "2012.??.??"]
[WhiteTeam "SSV Vimaria 91 Weimar"]
[BlackTeam "SK Mannheim-Lindenhof 1865"]

1. d4 Nf6 2. Bf4 e6 3. e3 b6 4. h3 Bb7 5. Nf3 Be7 6. Be2 O-O 7. O-O d6 8. Nbd2
c5 9. c3 Nc6 10. Bh2 d5 11. Ne5 Nxe5 12. Bxe5 Nd7 1/2-1/2

[Event "24.Schlosspark-Open"]
[Site "Wiesbaden-Biebrich"]
[Date "2012.08.26"]
[Round "7.76"]
[White "Meier, Alexander"]
[Black "Köllmer, Hans"]
[Result "1-0"]
[WhiteElo "1314"]
[BlackElo "1576"]
[PlyCount "67"]
[EventDate "2012.??.??"]
[WhiteTeam "FC 1934 Wiesbaden-Bierstadt"]
[BlackTeam "Sfr.Heidesheim"]

1. e4 e6 2. d4 d5 3. exd5 exd5 4. c3 Nf6 5. Nf3 c5 6. Nbd2 Nc6 7. Bb5 a6 8. Be2
cxd4 9. cxd4 Bd6 10. O-O O-O 11. Re1 Qc7 12. Nf1 Qb6 13. b3 Re8 14. Bb2 Bb4 15.
N3d2 Nxd4 16. a3 Nxe2+ 17. Rxe2 Bd6 18. Bxf6 Rxe2 19. Qxe2 gxf6 20. Qe8+ Kg7
21. b4 Be5 22. Rd1 Qc7 23. Nf3 b5 24. Rxd5 Qb7 25. Rd8 Bc7 26. Qg8+ Kh6 27.
Qf8+ Kg6 28. Qg8+ Kh6 29. Rd4 Bg4 30. Qxg4 Rb8 31. Qf5 Kg7 32. Rg4+ Kf8 33.
Qxf6 Re8 34. Ng5 1-0

[Event "24.Schlosspark-Open"]
[Site "Wiesbaden-Biebrich"]
[Date "2012.08.26"]
[Round "7.77"]
[White "Goldhausen, Nina"]
[Black "Künne, Lutz Dieter"]
[Result "0-1"]
[WhiteElo "1088"]
[BlackElo "1562"]
[PlyCount "50"]
[EventDate "2012.??.??"]
[WhiteTeam "SC 1979 Hattersheim"]
[BlackTeam "Kings Club 98 Jena"]

1. e4 d5 2. exd5 Qxd5 3. Nc3 Qd6 4. d4 Nf6 5. Bc4 Be6 6. Bxe6 Qxe6+ 7. Qe2
Qxe2+ 8. Ngxe2 a6 9. Bf4 Kd7 10. O-O e6 11. h3 Nc6 12. Rad1 Rd8 13. a3 Kc8 14.
b4 Na7 15. Be3 b6 16. Na2 Nd5 17. Bd2 Kb7 18. c4 Nf6 19. c5 Nb5 20. Bc1 Nd5 21.
a4 Na7 22. Nec3 Be7 23. Rfe1 Bf6 24. Ne4 h6 25. Nxf6 gxf6 0-1

[Event "24.Schlosspark-Open"]
[Site "Wiesbaden-Biebrich"]
[Date "2012.08.26"]
[Round "7.78"]
[White "Peschk, Kathrin"]
[Black "Burow, Roger"]
[Result "0-1"]
[WhiteElo "1021"]
[BlackElo "1527"]
[PlyCount "70"]
[EventDate "2012.??.??"]
[WhiteTeam "SV 1946 Groß-Gerau"]
[BlackTeam "SV 1920 Kelsterbach"]

1. e4 d6 2. d4 g6 3. Nf3 Bg7 4. Nc3 Nc6 5. d5 Ne5 6. Be2 c6 7. Bf4 Nxf3+ 8.
Bxf3 Nf6 9. O-O O-O 10. Re1 Bd7 11. Bg5 Re8 12. Qd2 Rc8 13. Re2 Ng4 14. Bf4 Ne5
15. Bxe5 Bxe5 16. Ree1 Kg7 17. Be2 Rh8 18. f4 Bf6 19. Bf3 Qb6+ 20. Kh1 c5 21.
e5 dxe5 22. fxe5 Bh4 23. g3 Bxg3 24. hxg3 h5 25. Qg5 h4 26. gxh4 Rxh4+ 27. Kg2
Rch8 28. Kf1 Bh3+ 29. Ke2 Qxb2 30. Kf2 Qxc3 31. Qe3 Qxc2+ 32. Qe2 Qf5 33. e6 f6
34. Ke3 Qf4+ 35. Kf2 Bg4 0-1